[Event "M.Botvinnik Memorial 2012"]
[Site "St. Petersburg, Russia"]
[Date "2012.08.25"]
[Round "1.53"]
[White "Smirnov, Artem"]
[Black "Bykova, Anastasia"]
[Result "1-0"]
[WhiteElo "2425"]
[BlackElo "2013"]
[PlyCount "53"]
[EventDate "2012.08.25"]

1. c4 c6 2. Nf3 d5 3. e3 Nf6 4. Nc3 Qb6 5. b3 Bf5 6. Bb2 h6 7. Be2 e6 8. Ne5
Be7 9. g4 Bh7 10. h4 Qc7 11. f4 Ne4 12. Nxe4 Bxe4 13. Bf3 Qd8 14. Bxe4 Bxh4+
15. Ke2 dxe4 16. Qc2 Rg8 17. g5 hxg5 18. Qxe4 f5 19. Qg2 g6 20. Nxg6 Rxg6 21.
Rxh4 Rg8 22. Rah1 g4 23. Rh8 Kd7 24. R1h7+ Kd6 25. Ba3+ c5 26. Rxg8 Qxg8 27.
Qxb7 1-0

[Event "M.Botvinnik Memorial 2012"]
[Site "St. Petersburg, Russia"]
[Date "2012.08.25"]
[Round "1.54"]
[White "Voronenkov, Sergey"]
[Black "Lovkov, Roman"]
[Result "0-1"]
[WhiteElo "2012"]
[BlackElo "2424"]
[PlyCount "94"]
[EventDate "2012.08.25"]

1. e4 c5 2. Nf3 d6 3. d4 cxd4 4. Nxd4 Nf6 5. Nc3 a6 6. Be3 Ng4 7. Bg5 h6 8. Bh4
g5 9. Bg3 Bg7 10. h3 Ne5 11. Be2 Nbc6 12. Nf5 Bxf5 13. exf5 Nd4 14. Bd3 Qa5 15.
Bxe5 Qxe5+ 16. Kf1 Nxf5 17. Qf3 Nd4 18. Qxb7 O-O 19. Re1 Rab8 20. Qxa6 Qc5 21.
Na4 Qc7 22. c3 Ra8 23. Qb6 Qd7 24. cxd4 Qxa4 25. Qb7 Qxd4 26. Rd1 Qxb2 27. Qe4
Rfc8 28. a4 e6 29. h4 d5 30. Qe2 Qxe2+ 31. Kxe2 Rxa4 32. hxg5 hxg5 33. Rd2 Rb8
34. Rb1 Rxb1 35. Bxb1 Bd4 36. Bc2 Rb4 37. f3 Kg7 38. Bd3 f5 39. Rc2 Kf6 40. g3
Rb7 41. g4 fxg4 42. fxg4 Ke5 43. Kf3 Rb3 44. Re2+ Kd6 45. Rd2 e5 46. Ke2 e4 47.
Bc2 Re3+ 0-1

[Event "M.Botvinnik Memorial 2012"]
[Site "St. Petersburg, Russia"]
[Date "2012.08.25"]
[Round "1.55"]
[White "Pakhomov, Egor"]
[Black "Kopasov, Evgeny"]
[Result "1-0"]
[WhiteElo "2417"]
[BlackElo "2007"]
[PlyCount "103"]
[EventDate "2012.08.25"]

1. Nf3 Nf6 2. c4 g6 3. g3 Bg7 4. Bg2 O-O 5. O-O d5 6. cxd5 Nxd5 7. Nc3 Nb6 8.
d3 Nc6 9. Be3 h6 10. Rc1 e5 11. b4 Nd4 12. a4 Be6 13. Nd2 c6 14. a5 Nd5 15.
Bxd4 exd4 16. Nxd5 Bxd5 17. Bxd5 Qxd5 18. Qb3 Rad8 19. Rfe1 Rfe8 20. Qxd5 Rxd5
21. a6 Rb5 22. axb7 Rxb7 23. Rc4 Reb8 24. Rxc6 Rxb4 25. Ra6 R8b7 26. Nc4 Bf8
27. Kg2 Bc5 28. Rc6 Bb6 29. Ra1 Re7 30. Ra2 Kg7 31. g4 Rb5 32. h3 Re6 33. Rxe6
fxe6 34. Kf3 Kf6 35. Ke4 Bc5 36. Ra6 Rb1 37. Rc6 Rb5 38. Rc7 a5 39. Ne5 Be7 40.
f4 g5 41. h4 gxh4 42. g5+ hxg5 43. fxg5+ Kxg5 44. Rxe7 a4 45. Ra7 Rb2 46. Nf3+
Kg4 47. Rg7+ Kh3 48. Ng1+ Kh2 49. Kf3 h3 50. Kf2 Rb1 51. Nf3+ Kh1 52. Rh7 1-0

[Event "M.Botvinnik Memorial 2012"]
[Site "St. Petersburg, Russia"]
[Date "2012.08.25"]
[Round "1.56"]
[White "Kharchenko, Daniil"]
[Black "Arslanov, Shamil"]
[Result "0-1"]
[WhiteElo "2006"]
[BlackElo "2416"]
[PlyCount "82"]
[EventDate "2012.08.25"]

1. e4 e6 2. d4 d5 3. e5 c5 4. c3 Qb6 5. Nf3 Nc6 6. a3 Nh6 7. b4 cxd4 8. Bxh6
gxh6 9. cxd4 Bd7 10. Ra2 Rg8 11. h3 h5 12. g3 h4 13. g4 Be7 14. Qd3 Rg7 15. Nc3
Rc8 16. Rc2 Bxb4 17. axb4 Nxb4 18. Qd2 Nxc2+ 19. Qxc2 Qa5 20. Kd2 b5 21. Qb2 b4
22. Na2 b3+ 23. Nc3 Qb6 24. Bd3 a5 25. Ke3 Qb4 26. Rc1 Ke7 27. Nd2 Rb8 28. Rb1
a4 29. Ra1 Rgg8 30. Ndb1 Rgc8 31. Qa3 h6 32. Kd2 Kd8 33. Qxb4 Rxb4 34. Ke3 Kc7
35. Ne2 Kb6 36. Nd2 Ka5 37. Nb1 Rb6 38. Kd2 Kb4 39. Bh7 Rbc6 40. Bd3 Rc2+ 41.
Ke3 Ra2 0-1

[Event "M.Botvinnik Memorial 2012"]
[Site "St. Petersburg, Russia"]
[Date "2012.08.25"]
[Round "1.57"]
[White "Smirnov, Alexey"]
[Black "Sazonova, Anastasia"]
[Result "0-1"]
[WhiteElo "2416"]
[BlackElo "2002"]
[PlyCount "95"]
[EventDate "2012.08.25"]

1. d4 Nf6 2. c4 g6 3. Nc3 Bg7 4. e4 d6 5. Nf3 O-O 6. Be2 e5 7. O-O Nc6 8. d5
Ne7 9. Ne1 Nd7 10. Be3 f5 11. f3 f4 12. Bf2 g5 13. Rc1 Ng6 14. c5 Nf6 15. cxd6
cxd6 16. Nb5 Rf7 17. Nxa7 g4 18. Nxc8 Rxc8 19. Rxc8 Qxc8 20. fxg4 Nxe4 21. Bb6
Ng5 22. Nf3 Bf6 23. Nxg5 Bxg5 24. Bd3 Ne7 25. Qf3 Rg7 26. h3 Bh4 27. Qe4 Kh8
28. a4 h5 29. gxh5 Ng8 30. Qf5 Qe8 31. Bb5 Qe7 32. Rc1 Rg5 33. Qe6 Qg7 34. Bf1
Rxh5 35. Rc7 Qg3 36. Qg4 Qxg4 37. hxg4 Rh7 38. Bd3 Rxc7 39. Bxc7 Be7 40. g5 Kg7
41. b4 Bxg5 42. Bxd6 Kf6 43. a5 Ne7 44. Be4 Nc8 45. Bc5 Kf7 46. d6 Ke6 47. Bxb7
Nxd6 48. a6 0-1

[Event "M.Botvinnik Memorial 2012"]
[Site "St. Petersburg, Russia"]
[Date "2012.08.25"]
[Round "1.58"]
[White "Van Den Ouden, Lendert"]
[Black "Bodnaruk, Anastasia"]
[Result "0-1"]
[WhiteElo "2000"]
[BlackElo "2414"]
[PlyCount "92"]
[EventDate "2012.08.25"]

1. Nf3 Nf6 2. c4 g6 3. g3 Bg7 4. Bg2 O-O 5. O-O d6 6. d4 Nc6 7. Nc3 a6 8. b3
Rb8 9. Nd5 Nh5 10. Bb2 e6 11. Ne3 f5 12. Qd2 Ne7 13. Nc2 b5 14. cxb5 Rxb5 15.
Na3 Rb8 16. Nc4 Nf6 17. Rac1 Bb7 18. Qa5 Nc6 19. Qa4 Nd5 20. Na5 Nxa5 21. Qxa5
c5 22. Qd2 cxd4 23. Nxd4 Qd7 24. Rc2 Rfc8 25. Rfc1 Rxc2 26. Rxc2 Rc8 27. Rxc8+
Qxc8 28. Nf3 Bxb2 29. Qxb2 Qc3 30. Qa3 Qb4 31. Qb2 e5 32. e3 Nc3 33. Qd2 Be4
34. Ng5 Bxg2 35. Kxg2 Qc5 36. Kg1 Nb1 37. Qd1 Nc3 38. Qd2 Qc6 39. Qc2 a5 40.
Nf3 Qc5 41. Ne1 d5 42. Nd3 Qc7 43. b4 e4 44. Nf4 axb4 45. Qb3 Qc4 46. Qxb4 Qxb4
0-1

[Event "M.Botvinnik Memorial 2012"]
[Site "St. Petersburg, Russia"]
[Date "2012.08.25"]
[Round "1.59"]
[White "Iljiushenok, Ilia"]
[Black "Dushin, Nikolay"]
[Result "1-0"]
[WhiteElo "2413"]
[BlackElo "1998"]
[PlyCount "57"]
[EventDate "2012.08.25"]

1. e4 c6 2. d4 d5 3. exd5 cxd5 4. c4 e6 5. Nc3 Nf6 6. Nf3 Nc6 7. Bg5 Be7 8. Qc2
O-O 9. Rd1 h6 10. Bh4 dxc4 11. Bxc4 Bd7 12. O-O Nb4 13. Qe2 Bc6 14. Ne5 Bd5 15.
Nxd5 Nbxd5 16. f4 Rc8 17. f5 exf5 18. Rxf5 Rc7 19. Bb3 a6 20. Qf3 b5 21. Bg3
Rc8 22. Bxd5 Nxd5 23. Rxf7 Nf6 24. Qb3 Kh7 25. Qd3+ Kg8 26. Qg6 Rxf7 27. Nxf7
Qd5 28. Nxh6+ Kf8 29. Nf5 1-0

[Event "M.Botvinnik Memorial 2012"]
[Site "St. Petersburg, Russia"]
[Date "2012.08.25"]
[Round "1.60"]
[White "Belov, Nikita"]
[Black "Aitbayev, Aslan"]
[Result "0-1"]
[WhiteElo "1992"]
[BlackElo "2411"]
[PlyCount "80"]
[EventDate "2012.08.25"]

1. c4 g6 2. g3 Bg7 3. Bg2 Nf6 4. Nc3 d6 5. d3 O-O 6. e3 e5 7. Nge2 Nc6 8. O-O
h5 9. f4 Be6 10. e4 Qd7 11. Nd5 Bg4 12. Bf3 Bh3 13. Bg2 Bg4 14. Bf3 Nxd5 15.
cxd5 Ne7 16. fxe5 Bxe5 17. d4 Bg7 18. Bf4 Bxf3 19. Rxf3 f5 20. Qd3 fxe4 21.
Qxe4 Rae8 22. Raf1 Nf5 23. Qd3 Rxe2 24. Qxe2 Nxd4 25. Qe4 Nxf3+ 26. Rxf3 Qf5
27. Qxf5 Rxf5 28. Rd3 Bxb2 29. Kg2 Be5 30. Be3 b6 31. Rd2 Kf8 32. Rc2 Rf7 33.
Re2 Ke8 34. Bf4 Re7 35. Bh6 Bd4 36. Rc2 Kd7 37. Bf4 Rf7 38. Rc4 Bc5 39. Rc1 Rf5
40. Rd1 g5 0-1

[Event "M.Botvinnik Memorial 2012"]
[Site "St. Petersburg, Russia"]
[Date "2012.08.25"]
[Round "1.61"]
[White "Akkozov, Berik"]
[Black "Tselkovskiy, Kirill"]
[Result "1-0"]
[WhiteElo "2401"]
[BlackElo "1991"]
[PlyCount "81"]
[EventDate "2012.08.25"]

1. e4 c5 2. Nf3 d6 3. d4 cxd4 4. Nxd4 Nf6 5. Nc3 g6 6. Be3 Bg7 7. f3 O-O 8. Qd2
Nc6 9. Bc4 Bd7 10. O-O-O Ne5 11. Bb3 Rc8 12. Kb1 Nc4 13. Bxc4 Rxc4 14. g4 b5
15. b3 b4 16. bxc4 bxc3 17. Qxc3 Qc7 18. Kc1 Rc8 19. Qd3 Qa5 20. a3 Be8 21. Ne2
Nd7 22. Bd4 Bh6+ 23. f4 e5 24. g5 Bf8 25. Bb2 Nc5 26. Qd2 Qa6 27. Nc3 Rb8 28.
Nd5 Qxc4 29. Qc3 Qa6 30. Rhe1 Na4 31. Qh3 Bg7 32. Ba1 Qb7 33. Qb3 Qa8 34. Qh3
Qb7 35. fxe5 dxe5 36. Qb3 Qa8 37. Ne7+ Kh8 38. Qd5 Rb7 39. Qxe5 f6 40. Qxf6
Rxe7 41. Qf8# 1-0

[Event "M.Botvinnik Memorial 2012"]
[Site "St. Petersburg, Russia"]
[Date "2012.08.25"]
[Round "1.62"]
[White "Chuprova, Irina"]
[Black "Romanko, Marina"]
[Result "0-1"]
[WhiteElo "1972"]
[BlackElo "2399"]
[PlyCount "83"]
[EventDate "2012.08.25"]

1. e4 c6 2. d4 d5 3. exd5 cxd5 4. c4 e6 5. Nc3 Nf6 6. Nf3 Bb4 7. Bd2 O-O 8.
cxd5 Nxd5 9. Bd3 Nc6 10. O-O Be7 11. Re1 Ndb4 12. Bf4 Nxd3 13. Qxd3 Nb4 14. Qd2
b6 15. a3 Nd5 16. Nxd5 Qxd5 17. Re5 Qd8 18. Rae1 Bb7 19. Ng5 h6 20. Ne4 Bf6 21.
Rh5 Qxd4 22. Nxf6+ Qxf6 23. Rh3 Rad8 24. Qe3 Rd4 25. Be5 Qg6 26. Qg3 Rg4 27.
Qxg4 Qxg4 28. Rg3 Qxg3 29. hxg3 Rc8 30. Bc3 Bd5 31. Rd1 g6 32. Rd4 Kh7 33. f4
g5 34. f5 Rc5 35. fxe6 Bxe6 36. Rd8 Rc7 37. Kf2 Kg6 38. Ke3 Bc8 39. Rd4 Bb7 40.
Kf2 Bc8 41. Rd8 Bf5 42. Rd4 0-1

[Event "M.Botvinnik Memorial 2012"]
[Site "St. Petersburg, Russia"]
[Date "2012.08.25"]
[Round "1.63"]
[White "Ulanov, Alexandr"]
[Black "Shirokov, Alexander"]
[Result "1-0"]
[WhiteElo "2398"]
[BlackElo "1972"]
[PlyCount "81"]
[EventDate "2012.08.25"]

1. d4 Nf6 2. Nf3 g6 3. Nbd2 d5 4. e3 Bg7 5. b4 a5 6. b5 O-O 7. c4 c6 8. a4 Bf5
9. Ba3 Nbd7 10. Be2 Re8 11. cxd5 cxd5 12. O-O Rc8 13. Rc1 Rxc1 14. Bxc1 Qc7 15.
Ba3 Bf8 16. Qa1 Rc8 17. Rc1 Qd8 18. Nb3 b6 19. Ne5 Nxe5 20. dxe5 Nd7 21. Nd4
Rxc1+ 22. Bxc1 Nc5 23. Ba3 Qc7 24. Qc3 e6 25. g4 Be4 26. Nb3 Qa7 27. Bxc5 Bxc5
28. Nxc5 bxc5 29. f3 d4 30. Qb2 d3 31. fxe4 dxe2 32. Kf2 Qe7 33. Kxe2 Qh4 34.
Kd3 Qxg4 35. b6 Qd1+ 36. Kc3 c4 37. Kxc4 Qxa4+ 38. Kc5 Qxe4 39. b7 Qxe3+ 40.
Kd6 Qd3+ 41. Ke7 1-0

[Event "M.Botvinnik Memorial 2012"]
[Site "St. Petersburg, Russia"]
[Date "2012.08.25"]
[Round "1.64"]
[White "Kazantsev, Alexandr"]
[Black "Tseitlin, Mark D"]
[Result "1/2-1/2"]
[WhiteElo "1960"]
[BlackElo "2396"]
[PlyCount "157"]
[EventDate "2012.08.25"]

1. d4 Nf6 2. Nf3 g6 3. Bg5 Bg7 4. Nc3 d6 5. e4 O-O 6. Be2 a6 7. O-O b5 8. e5
Nfd7 9. Nd5 Nc6 10. exd6 cxd6 11. Re1 h6 12. Bc1 e6 13. Ne3 d5 14. c3 Rb8 15.
Bd3 f5 16. Nf1 Nf6 17. Bf4 Rb6 18. Ne5 Ne7 19. h4 Nh5 20. Bh2 Nf6 21. Nd2 Ne4
22. f3 Nd6 23. Nb3 Nc4 24. Qe2 Bf6 25. Bf4 Nxe5 26. Bxe5 Bxh4 27. g3 Bf6 28.
Qh2 Bxe5 29. Rxe5 Nc6 30. Re2 h5 31. Rae1 Qe7 32. f4 b4 33. Nc5 Nd8 34. Qh4 Rf7
35. Bc2 Rg7 36. Qxe7 Rxe7 37. Bb3 bxc3 38. bxc3 Rd6 39. Rb2 Nb7 40. Nd3 Rc7 41.
Rc2 Kg7 42. Ne5 Na5 43. Re3 Rb6 44. c4 dxc4 45. Nxc4 Nxc4 46. Rxc4 Rxc4 47.
Bxc4 Kf6 48. d5 exd5 49. Bxd5 Be6 50. Bxe6 Rxe6 51. Ra3 g5 52. fxg5+ Kxg5 53.
Kf2 h4 54. gxh4+ Kxh4 55. Kf3 Kg5 56. Ra5 Rc6 57. Ra3 Rh6 58. Ra5 Rd6 59. Ra3
Rc6 60. Ra5 Rc3+ 61. Ke2 Kg4 62. Rxa6 Rc2+ 63. Kd3 Rh2 64. a4 f4 65. Rg6+ Kf5
66. Rg8 Ra2 67. Ra8 Kg4 68. a5 f3 69. Rg8+ Kf4 70. Rf8+ Kg3 71. Rg8+ Kf2 72.
Rg5 Kf1 73. Kc4 f2 74. Rf5 Ke2 75. Kb5 Ra3 76. Rxf2+ Kxf2 77. a6 Ke3 78. Kb6
Kd4 79. a7 1/2-1/2

[Event "M.Botvinnik Memorial 2012"]
[Site "St. Petersburg, Russia"]
[Date "2012.08.25"]
[Round "1.65"]
[White "Ponfilenok, Vladimir"]
[Black "Fedoseeva, Valentina"]
[Result "0-1"]
[WhiteElo "2392"]
[BlackElo "1957"]
[PlyCount "84"]
[EventDate "2012.08.25"]

1. Nf3 d5 2. d4 Nf6 3. c4 e6 4. g3 b6 5. Bg2 Bb7 6. Ne5 Nbd7 7. Nc3 c5 8. cxd5
Nxe5 9. dxe5 Nxd5 10. Ne4 Qc7 11. Bf4 O-O-O 12. Qa4 Kb8 13. O-O-O Bc6 14. Qc2
Be7 15. a3 h6 16. h4 Nxf4 17. gxf4 Rxd1+ 18. Rxd1 Bxh4 19. Bf3 Be7 20. Nd6 Bxf3
21. exf3 Bxd6 22. exd6 Qd7 23. Qd3 h5 24. Re1 Rd8 25. Rd1 g6 26. Qc3 Qc6 27.
Qe5 Rd7 28. f5 exf5 29. Rd3 Kb7 30. Qf6 c4 31. Rd2 Qxf3 32. Kb1 Qe4+ 33. Kc1
Qe6 34. Qd4 Kc6 35. Qh8 Rxd6 36. Qa8+ Kc5 37. Rxd6 Kxd6 38. Qb8+ Ke7 39. Qxa7+
Kf6 40. Qb8 Qe1+ 41. Kc2 Qxf2+ 42. Kc3 Qc5 0-1

[Event "M.Botvinnik Memorial 2012"]
[Site "St. Petersburg, Russia"]
[Date "2012.08.25"]
[Round "1.66"]
[White "Kaneyama, Men Cher"]
[Black "Rozhko, Dmitry"]
[Result "1-0"]
[WhiteElo "1955"]
[BlackElo "2388"]
[PlyCount "117"]
[EventDate "2012.08.25"]

1. e4 e6 2. d4 d5 3. Nc3 Bb4 4. Bd3 Ne7 5. Nf3 c5 6. a3 Bxc3+ 7. bxc3 b6 8. c4
dxc4 9. Bxc4 Ba6 10. Bxa6 Nxa6 11. Qd3 Nc7 12. dxc5 Qxd3 13. cxd3 bxc5 14. Be3
Na6 15. Rb1 O-O 16. Ke2 Rab8 17. Rhc1 Rb6 18. Ne5 Rfb8 19. Rxb6 axb6 20. Rb1
Rb7 21. Nc4 Nc8 22. a4 Nb4 23. a5 bxa5 24. Bxc5 Rb5 25. d4 f5 26. exf5 exf5 27.
Nxa5 Nd5 28. Rxb5 Nc3+ 29. Kd3 Nxb5 30. Kc4 Ncd6+ 31. Bxd6 Nxd6+ 32. Kd5 Nb5
33. Kc5 Nc3 34. d5 Kf7 35. Kc6 Ne2 36. Nb3 Ke8 37. d6 Kd8 38. d7 f4 39. Nc5
Nd4+ 40. Kd6 Nb5+ 41. Ke6 Nd4+ 42. Ke5 f3 43. gxf3 Nb5 44. f4 Ke7 45. f5 Nc3
46. h4 Na2 47. h5 h6 48. d8=Q+ Kxd8 49. Ne6+ Ke7 50. Nxg7 Nb4 51. f6+ Kf7 52.
Ne6 Nd3+ 53. Kf5 Kg8 54. Nd8 Kh7 55. Ke6 Nf4+ 56. Kd7 Nd5 57. f7 Kg7 58. Ke6
Nf4+ 59. Kd6 1-0

[Event "M.Botvinnik Memorial 2012"]
[Site "St. Petersburg, Russia"]
[Date "2012.08.25"]
[Round "1.67"]
[White "Zavoronkov, Vladimir"]
[Black "Chernyak, Viktoria"]
[Result "1-0"]
[WhiteElo "2384"]
[BlackElo "1933"]
[PlyCount "73"]
[EventDate "2012.08.25"]

1. Nf3 Nf6 2. g3 g6 3. Bg2 Bg7 4. c4 c5 5. Nc3 O-O 6. O-O Nc6 7. a3 d6 8. Rb1
Bg4 9. h3 Bxf3 10. Bxf3 Ne5 11. Bxb7 Rb8 12. Bg2 Nxc4 13. Qa4 Nb6 14. Qxa7 d5
15. b4 c4 16. Qa5 e5 17. Na4 Nxa4 18. Qxa4 e4 19. d3 exd3 20. exd3 cxd3 21. Qb3
Qb6 22. Qxd3 d4 23. a4 Nd7 24. Bf4 Be5 25. Rfd1 Rfd8 26. a5 Qd6 27. Bd2 Bf6 28.
b5 Ne5 29. Qb3 Rdc8 30. b6 Nc4 31. Bb4 Qd7 32. Qf3 Be7 33. b7 Rc7 34. a6 Bxb4
35. Rxb4 Ne5 36. Qd5 Qe7 37. a7 1-0

[Event "M.Botvinnik Memorial 2012"]
[Site "St. Petersburg, Russia"]
[Date "2012.08.25"]
[Round "1.68"]
[White "Andreeva, Yulia"]
[Black "Lavrov, Maxim"]
[Result "0-1"]
[WhiteElo "1928"]
[BlackElo "2372"]
[PlyCount "94"]
[EventDate "2012.08.25"]

1. d4 Nf6 2. c4 g6 3. Nc3 Bg7 4. e4 d6 5. f3 O-O 6. Be3 e5 7. d5 Nh5 8. Qd2 f5
9. O-O-O Nd7 10. exf5 gxf5 11. Bg5 Ndf6 12. Be2 Bd7 13. g4 fxg4 14. fxg4 Nf4
15. Bf3 b5 16. h4 bxc4 17. Bxf4 exf4 18. g5 Ng4 19. Rf1 Ne3 20. Rf2 Qe7 21.
Nge2 Qe5 22. Rg1 Bf5 23. h5 Bd3 24. h6 Bh8 25. Bh5 Bg6 26. Bxg6 hxg6 27. Rf3
Rae8 28. h7+ Kg7 29. Qe1 Nf5 30. Qf2 Kxh7 31. Rh1+ Kg8 32. Qh2 Rf7 33. Rh3 Bg7
34. Rf3 Bh8 35. Kb1 Ng3 36. Nxg3 fxg3 37. Qxg3 Qxg3 38. Rxg3 Rf2 39. Rgh3 Bg7
40. Kc1 Re5 41. Rg3 Ref5 42. Nd1 R2f4 43. Ne3 Re5 44. Rh2 Ree4 45. Kc2 Bd4 46.
Nd1 Rf5 47. b3 Be5 0-1

[Event "M.Botvinnik Memorial 2012"]
[Site "St. Petersburg, Russia"]
[Date "2012.08.25"]
[Round "1.69"]
[White "Serov, Maksim"]
[Black "Katyshkina, Anastasia"]
[Result "1-0"]
[WhiteElo "2370"]
[BlackElo "1923"]
[PlyCount "61"]
[EventDate "2012.08.25"]

1. c4 d5 2. cxd5 Nf6 3. d4 Nxd5 4. e4 Nb6 5. Nc3 g6 6. h3 Bg7 7. Nf3 Nc6 8. Bb5
O-O 9. Bxc6 bxc6 10. O-O Ba6 11. Re1 Qd7 12. Be3 Nc4 13. Na4 Qc8 14. Qc2 Rb8
15. Bg5 Re8 16. Rac1 h6 17. Bf4 Rd8 18. b3 Nb6 19. Qxc6 Nxa4 20. Qxa4 Rd7 21.
Rc5 Bb7 22. d5 g5 23. Bg3 f5 24. Be5 fxe4 25. Qxe4 e6 26. Qg6 Bxd5 27. Bxg7
Rxg7 28. Qxh6 Bxf3 29. Rxg5 Qd7 30. Rxe6 Qd1+ 31. Kh2 1-0

[Event "M.Botvinnik Memorial 2012"]
[Site "St. Petersburg, Russia"]
[Date "2012.08.25"]
[Round "1.70"]
[White "Bezulenko, Evgeny"]
[Black "Baghdasaryan, Vahe"]
[Result "0-1"]
[WhiteElo "1915"]
[BlackElo "2368"]
[PlyCount "98"]
[EventDate "2012.08.25"]

1. f4 d5 2. Nf3 g6 3. d4 Bg7 4. e3 Nh6 5. c3 O-O 6. Bd3 Bf5 7. O-O Bxd3 8. Qxd3
Nf5 9. e4 dxe4 10. Qxe4 c6 11. Nbd2 Nd7 12. Ne5 Nf6 13. Qf3 Nd5 14. Ne4 f6 15.
Nd3 e5 16. Ndc5 Qe7 17. g4 exd4 18. gxf5 gxf5 19. Ng3 Qxc5 20. Qf2 Ne7 21. cxd4
Qd5 22. Bd2 Rfe8 23. Rfe1 Ng6 24. Re3 Rxe3 25. Bxe3 Nh4 26. Ne2 Re8 27. Nc3 Qf3
28. Re1 Qh3 29. Kh1 Nf3 30. Re2 Nxh2 31. Qxh2 Rxe3 32. Qxh3 Rxh3+ 33. Kg2 Rd3
34. d5 cxd5 35. Nb5 Bf8 36. Nxa7 Rd4 37. Kf3 Bd6 38. Nb5 Rxf4+ 39. Kg2 Be5 40.
Rd2 Rb4 41. Rxd5 Rxb2+ 42. Kf3 h5 43. Rd8+ Kg7 44. Rd7+ Kg6 45. Rxb7 h4 46. Nd6
Rxa2 47. Nc4 Bd4 48. Ne3 Ra3 49. Re7 h3 0-1

[Event "M.Botvinnik Memorial 2012"]
[Site "St. Petersburg, Russia"]
[Date "2012.08.25"]
[Round "1.71"]
[White "Solovjov, Sergey I"]
[Black "Zakharov, Yuri"]
[Result "1-0"]
[WhiteElo "2365"]
[BlackElo "1907"]
[PlyCount "55"]
[EventDate "2012.08.25"]

1. e4 d6 2. d4 Nf6 3. Nc3 g6 4. f4 Bg7 5. Nf3 c5 6. Bb5+ Bd7 7. e5 Ng4 8. Bxd7+
Qxd7 9. d5 dxe5 10. h3 Nh6 11. fxe5 O-O 12. Bf4 Kh8 13. Qd2 Ng8 14. O-O-O Na6
15. Kb1 b5 16. h4 h5 17. e6 Qe8 18. Ne5 fxe6 19. dxe6 Nf6 20. Qd3 Kh7 21. Ne4
Nxe4 22. Qxe4 Bxe5 23. Bxe5 Rd8 24. a3 Rxd1+ 25. Rxd1 b4 26. Qb7 Nb8 27. Bxb8
Qxb8 28. Qxe7+ 1-0

[Event "M.Botvinnik Memorial 2012"]
[Site "St. Petersburg, Russia"]
[Date "2012.08.25"]
[Round "1.72"]
[White "Klimentiev, Sergey"]
[Black "Bogachkov, Igor"]
[Result "0-1"]
[WhiteElo "1896"]
[BlackElo "2356"]
[PlyCount "34"]
[EventDate "2012.08.25"]

1. d4 Nf6 2. c4 g6 3. Nf3 Bg7 4. Nc3 O-O 5. e3 d6 6. Bd3 Nbd7 7. Bd2 e5 8. O-O
Re8 9. Ng5 h6 10. Nge4 Nxe4 11. Bxe4 exd4 12. exd4 Bxd4 13. Bb1 Bg7 14. a4 Ne5
15. b3 Qh4 16. Re1 Bg4 17. Re4 f5 0-1

[Event "M.Botvinnik Memorial 2012"]
[Site "St. Petersburg, Russia"]
[Date "2012.08.25"]
[Round "1.73"]
[White "Krivenko, Sergey"]
[Black "Kamnev, Alexander"]
[Result "1-0"]
[WhiteElo "2347"]
[BlackElo "1890"]
[PlyCount "65"]
[EventDate "2012.08.25"]

1. d4 d5 2. c4 e6 3. Nc3 Be7 4. Nf3 Nf6 5. cxd5 exd5 6. Bg5 c6 7. Qc2 O-O 8. e3
h6 9. Bf4 Be6 10. Bd3 Nbd7 11. h3 Nb6 12. O-O Bd6 13. Bxd6 Qxd6 14. Ne5 Nfd7
15. f4 f5 16. g4 Nc4 17. Rae1 Ndxe5 18. dxe5 Qd7 19. Bxc4 dxc4 20. e4 fxg4 21.
f5 Qd4+ 22. Kh1 Bc8 23. e6 gxh3 24. Rd1 Qf6 25. Rg1 b5 26. Rg6 Qe5 27. Qh2
Qxh2+ 28. Kxh2 Kh7 29. Ne2 c5 30. Nf4 Re8 31. Nh5 Re7 32. Rd8 Bb7 33. Rxg7+ 1-0

[Event "M.Botvinnik Memorial 2012"]
[Site "St. Petersburg, Russia"]
[Date "2012.08.25"]
[Round "1.74"]
[White "Kozlov, Mikhail"]
[Black "Usmanov, Vasily"]
[Result "0-1"]
[WhiteElo "1872"]
[BlackElo "2333"]
[PlyCount "68"]
[EventDate "2012.08.25"]

1. f4 Nf6 2. Nf3 g6 3. Nc3 d5 4. d3 Bg7 5. g3 O-O 6. Bg2 c6 7. e3 Qc7 8. Ne5
Nbd7 9. d4 Ne8 10. e4 dxe4 11. Nxe4 Nd6 12. O-O Nxe4 13. Bxe4 c5 14. c3 cxd4
15. cxd4 Nf6 16. Bg2 Be6 17. Be3 Bd5 18. Qd2 e6 19. Rfc1 Qe7 20. Bf1 Rac8 21.
Rxc8 Rxc8 22. Rc1 Rxc1 23. Qxc1 Qd8 24. Qc5 b6 25. Qb5 Bf8 26. g4 Bb7 27. g5
Nd5 28. Qd3 Nxe3 29. Qxe3 Qd5 30. Ng4 Bg7 31. Nf6+ Bxf6 32. gxf6 Qh1+ 33. Kf2
Qxh2+ 34. Ke1 Qh4+ 0-1

[Event "M.Botvinnik Memorial 2012"]
[Site "St. Petersburg, Russia"]
[Date "2012.08.25"]
[Round "1.75"]
[White "Biriukov, Oleg V"]
[Black "Dyakov, Vladislav"]
[Result "1-0"]
[WhiteElo "2332"]
[BlackElo "1855"]
[PlyCount "67"]
[EventDate "2012.08.25"]

1. d4 Nf6 2. c4 g6 3. Nc3 Bg7 4. e4 d6 5. Be2 O-O 6. Bg5 Nbd7 7. f4 c5 8. d5 a6
9. a4 Ne8 10. Nf3 Rb8 11. O-O f5 12. exf5 gxf5 13. Bd3 Ndf6 14. Qc2 Nh5 15.
Rae1 Rf7 16. g4 Bxc3 17. bxc3 fxg4 18. Nh4 Nef6 19. Re3 b5 20. axb5 axb5 21.
Nf5 Bxf5 22. Bxf5 Kh8 23. Be6 Rg7 24. cxb5 Rxb5 25. c4 Rb4 26. Ra3 Qb8 27. Rfa1
Qb7 28. Ra8+ Ng8 29. Bh6 Rg6 30. f5 Rxe6 31. fxe6 Rb2 32. Qxb2+ Qxb2 33. Rxg8+
Kxg8 34. Ra8+ 1-0

[Event "M.Botvinnik Memorial 2012"]
[Site "St. Petersburg, Russia"]
[Date "2012.08.25"]
[Round "1.76"]
[White "Timirev, Sergey"]
[Black "Zenzera, Alexey"]
[Result "0-1"]
[WhiteElo "1848"]
[BlackElo "2331"]
[PlyCount "80"]
[EventDate "2012.08.25"]

1. e4 c5 2. Nf3 e6 3. d4 cxd4 4. Nxd4 a6 5. Bd3 Bc5 6. Nb3 Be7 7. O-O Nc6 8.
Be3 Nf6 9. f4 d6 10. Nc3 O-O 11. a4 b6 12. Nd4 Nxd4 13. Bxd4 e5 14. fxe5 dxe5
15. Bxe5 Ng4 16. Bf4 Qd4+ 17. Kh1 Nf2+ 18. Rxf2 Qxf2 19. Nd5 Bd8 20. Bd6 Re8
21. Qh5 g6 22. Qh6 Ra7 23. e5 Qd4 24. Nf4 Qe3 25. Rf1 Be7 26. h4 Rd7 27. e6
Bxd6 28. exd7 Bxd7 29. h5 Bf8 30. Qg5 Qe5 31. Qxe5 Rxe5 32. hxg6 hxg6 33. Bxa6
Bxa4 34. b3 Bc6 35. Bd3 Bd6 36. Rd1 Bc5 37. Bc4 Rf5 38. Nh3 Rh5 39. Rd3 b5 40.
Rd8+ Kg7 0-1

[Event "M.Botvinnik Memorial 2012"]
[Site "St. Petersburg, Russia"]
[Date "2012.08.25"]
[Round "1.77"]
[White "Donskov, Anatoly"]
[Black "Aleksandrov, Grigoriy"]
[Result "1-0"]
[WhiteElo "2328"]
[BlackElo "1845"]
[PlyCount "109"]
[EventDate "2012.08.25"]

1. e4 c5 2. Nf3 d6 3. d4 cxd4 4. Nxd4 Nf6 5. Nc3 a6 6. Be2 e5 7. Nb3 Be6 8. O-O
Be7 9. Re1 O-O 10. a4 d5 11. exd5 Nxd5 12. Bd2 f6 13. Bf3 Nc6 14. Ne4 Nb6 15.
Nec5 Bxc5 16. Nxc5 Qe7 17. Nxe6 Qxe6 18. a5 Nc4 19. Bc3 Rad8 20. Qe2 Ne7 21.
Bxb7 Rb8 22. Qf3 Rfd8 23. b3 Nd2 24. Bxd2 Rxd2 25. Be4 Rd6 26. Bd3 Kh8 27. Bc4
Qd7 28. Red1 Rxd1+ 29. Rxd1 Qc7 30. Qc3 g6 31. h3 Kg7 32. Qd2 Nc6 33. Qd7+ Qxd7
34. Rxd7+ Kh6 35. Bxa6 Nxa5 36. Rc7 Rb6 37. Bc4 Rc6 38. Rxc6 Nxc6 39. c3 Kg7
40. b4 Kf8 41. Bd5 Ne7 42. Be6 Ke8 43. Kf1 Kd8 44. Ke2 Kc7 45. Kd3 Kb6 46. Bb3
f5 47. c4 Nc6 48. c5+ Kc7 49. Kc4 e4 50. b5 Ne5+ 51. Kd4 Nd3 52. b6+ Kc6 53.
Bd5+ Kd7 54. c6+ Kd6 55. c7 1-0

[Event "M.Botvinnik Memorial 2012"]
[Site "St. Petersburg, Russia"]
[Date "2012.08.25"]
[Round "1.78"]
[White "Klevets, Ksenia"]
[Black "Pasiev, Rakhim"]
[Result "0-1"]
[WhiteElo "1831"]
[BlackElo "2325"]
[PlyCount "46"]
[EventDate "2012.08.25"]

1. e4 e6 2. d4 d5 3. Nd2 dxe4 4. Nxe4 Nd7 5. Nf3 Ngf6 6. Ng3 c5 7. c3 cxd4 8.
Nxd4 Bc5 9. Be2 O-O 10. O-O Ne5 11. Nf3 Ng6 12. Qc2 Bd7 13. Bg5 h6 14. Bxf6
Qxf6 15. Ne4 Qf5 16. Bd3 Nf4 17. Nxc5 Qxc5 18. Bh7+ Kh8 19. Be4 Bb5 20. Rfe1 f5
21. Bxb7 Rab8 22. Re5 Qb6 23. Nd4 Qxb7 0-1